| 000 -LEADER |
| fixed length control field |
00987cam a2200241 a 4500 |
| 001 - CONTROL NUMBER |
| control field |
3849301 |
| 005 - DATE AND TIME OF LATEST TRANSACTION |
| control field |
20180301093943.0 |
| 008 - FIXED-LENGTH DATA ELEMENTS--GENERAL INFORMATION |
| fixed length control field |
871127s1987 it a c 000 0 ita |
| 010 ## - LIBRARY OF CONGRESS CONTROL NUMBER |
| LC control number |
87206190 |
| 020 ## - INTERNATIONAL STANDARD BOOK NUMBER |
| International Standard Book Number |
8870381331 |
| 040 ## - CATALOGING SOURCE |
| Original cataloging agency |
DLC |
| Transcribing agency |
DLC |
| Modifying agency |
DLC |
| 041 0# - LANGUAGE CODE |
| Language code of text/sound track or separate title |
itaeng |
| 043 ## - GEOGRAPHIC AREA CODE |
| Geographic area code |
e-ne--- |
| 080 ## - UNIVERSAL DECIMAL CLASSIFICATION NUMBER |
| Universal Decimal Classification number |
759.94920740551 CHIA |
| 082 00 - DEWEY DECIMAL CLASSIFICATION NUMBER |
| Classification number |
759.94920740551 CHIA |
| Edition number |
19 |
| 100 ## - Rafti |
| Rafti |
44 |
| 101 ## - Shkurtesa |
| Shkurtesa |
ART |
| 245 03 - TITLE STATEMENT |
| Title |
Il Secolo di Rembrandt : |
| Statement of responsibility, etc |
a cura di Marco Chiarini ; [traduzione, Tatia Volterra] = The Age of Rembrandt : Dutch painting of the seventeenth century in the Florentine galleries : Florence, Pitti Palace, Sala bianca, June 27th-September 9th, 1987 / by Marco Chiarini. |
| 740 0# - ADDED ENTRY--UNCONTROLLED RELATED/ANALYTICAL TITLE |
| Uncontrolled related/analytical title |
Age of Rembrandt. |
| 906 ## - LOCAL DATA ELEMENT F, LDF (RLIN) |
| a |
7 |
| b |
cbc |
| c |
orignew |
| d |
2 |
| e |
ncip |
| f |
19 |
| g |
y-gencatlg |
| 942 ## - ADDED ENTRY ELEMENTS (KOHA) |
| Source of classification or shelving scheme |
|
| Item type |
Books |